书目信息 |
| 题名: |
现代数学史
|
|
| 作者: | 库克 , Cook 著 ;林夏水 译 | |
| 分册: | ||
| 出版信息: | 呼和浩特 内蒙古人民出版社 1982 |
|
| 页数: | 115页 | |
| 开本: | 19cm | |
| 丛书名: | ||
| 单 册: | ||
| 中图分类: | O11 , O1-0 | |
| 科图分类: | ||
| 主题词: | 数学史--现代 , 数学理论 | |
| 电子资源: | ||
| ISBN: | ||
| 000 | 00773nam0 2200289 450 | |
| 001 | 1550076158 | |
| 005 | 20150131142524.54 | |
| 010 | @dCNY0.54 | |
| 091 | @a7089.224 | |
| 100 | @a19950724d1982 emky0chiy0110 ea | |
| 101 | 1 | @achi@ceng |
| 102 | @aCN@b150000 | |
| 105 | @ay z 000yd | |
| 200 | 1 | @a现代数学史@9xian dai shu xue shi@f(美)库克(P.D.Cook)著@g林夏水译 |
| 210 | @a呼和浩特@c内蒙古人民出版社@d1982 | |
| 215 | @a115页@d19cm | |
| 300 | @a书名原文:The Modern Ages | |
| 510 | 1 | @aThe Modern Ages |
| 606 | 0 | @a数学史@z现代 |
| 606 | 0 | @a数学理论 |
| 690 | @aO11@v5 | |
| 690 | @aO1-0@v4 | |
| 701 | 1 | @a库克@9ku ke@bP.D.@4著 |
| 701 | 1 | @aCook@bP.D.@4著 |
| 702 | 0 | @a林夏水@9lin xia shui@4译 |
| 801 | 0 | @aCN@bTSSF@c20150131 |
| 905 | @aZUCC@dO1-0@eJY12 | |
| 现代数学史/(美)库克(P.D.Cook)著/林夏水译.-呼和浩特:内蒙古人民出版社,1982 |
| 115页;19cm |
| 书名原文:The Modern Ages |
| ISBN :CNY0.54 |
| ● |
| 相关链接 |
|
|
|
|
正题名:现代数学史
索取号:O1-0/JY12
 
预约/预借
| 序号 | 登录号 | 条形码 | 馆藏地/架位号 | 状态 | 备注 |
| 1 | 7862419 | 278624197 | 学院路分馆/ [索取号:O1-0/JY12] | 在馆 | |
| 2 | 7862420 | 278624204 | 学院路分馆/ [索取号:O1-0/JY12] | 在馆 | |
| 3 | 7862421 | 278624213 | 学院路分馆/ [索取号:O1-0/JY12] | 在馆 | |
| 4 | 7862422 | 278624222 | 学院路分馆/ [索取号:O1-0/JY12] | 在馆 |